[Event "Barcelona Sant Marti op 05th"]
[Site "Barcelona"]
[Date "2003.06.14"]
[Round "8.19"]
[White "Montenegro, Oscar"]
[Black "Febrero Perez, Lluis"]
[Result "1-0"]
[WhiteElo "2020"]
[BlackElo "1875"]
[PlyCount "39"]
[EventDate "2003.04.26"]
[EventType "swiss"]
[EventRounds "9"]
[EventCountry "ESP"]
[SourceTitle "EXT 2004"]
[Source "ChessBase"]
[SourceDate "2003.11.25"]
[SourceVersion "1"]
[SourceVersionDate "2003.11.25"]
[SourceQuality "1"]

1. e4 e5 2. Nf3 Nc6 3. Be2 Nf6 4. Nc3 Bc5 5. 0-0 0-0 6. d3 d5 7. exd5 Nxd5 8. Ne4 h6 9. Nxc5 Nd4 10. Re1 b6 11. Nxd4 exd4 12. Nb3 c5 13. Bf3 Bf5 14. Re5 Be6 15. Bd2 Qd6 16. Qe1 Rae8 17. Bxd5 Bxd5 18. Rxe8 Qg6 19. Rxf8+ Kxf8 20. Qf1 1-0